|
|
|
|
| LEADER |
00000nam a2200000 a 4500 |
| 001 |
UCL0085 |
| 003 |
CL-VaPUC |
| 008 |
030612e20030000SP |||||||||||||||||spa|d |
| 020 |
|
|
|a 8472455475
|
| 082 |
0 |
4 |
|a 410
|b CHO
|2 21
|
| 100 |
0 |
|
|a Chomsky, Noam
|e author
|9 320717
|
| 245 |
1 |
3 |
|a La arquitectura del lenguaje
|
| 300 |
|
|
|a 106 p
|
| 942 |
|
|
|c BK
|
| 945 |
|
|
|d 20030612 00:00:00
|a cmena
|
| 260 |
|
|
|a Barcelona
|b Kairós
|c 2003
|
| 650 |
|
7 |
|a ESTRUCTURA DEL LENGUAJE
|2 CL-VaPUC
|9 473005
|
| 650 |
|
0 |
|a Lingüística
|9 265068
|
| 650 |
|
0 |
|a Adquisición del lenguaje
|9 309032
|
| 650 |
|
0 |
|a Teoría del lenguaje
|9 402255
|
| 583 |
|
|
|a last modification
|c 20030612 00:00:00
|k Rodrigo Vera
|
| 999 |
|
|
|c 304113
|d 304111
|
| 952 |
|
|
|0 0
|1 0
|4 0
|6 410_000000000000000_CHO_2003
|7 0
|8 A
|9 365924
|a FDOPOS
|b FDOPOS
|d 2019-11-21
|i 3912825
|o 410 CHO 2003
|p 3912825
|r 2025-01-22
|w 2019-11-21
|y BK
|k MLA
|
| 952 |
|
|
|0 0
|1 0
|4 0
|6 410_000000000000000_CHO_2003
|7 0
|8 A
|9 365925
|a FDOPOS
|b BIBEDU
|d 2019-11-21
|i 4105699
|l 1
|o 410 CHO 2003
|p 4105699
|r 2025-01-22
|s 2024-04-09
|w 2019-11-21
|y BK
|k MLA
|